| 000 | 00678nam a2200217 a 4500 | ||
|---|---|---|---|
| 001 | 52319 | ||
| 003 | BD-RjUL | ||
| 005 | 20211209075803.0 | ||
| 008 | 160919s1920 enk 000 0 eng | ||
| 035 | _a(BD-RjUL)52439 | ||
| 040 |
_aDLC _cCtY _dDLC _dBD-RjUL _beng |
||
| 041 | _aeng | ||
| 082 |
_223 _a530.1 _bCAG 1920 |
||
| 100 | 1 |
_aCarr, Herbert Wildon, _d1857-1931. _9156581 |
|
| 245 | 1 | 4 |
_aThe general principle of relativity in its philosophical and historical aspect / _cby H. Wildon Carr. |
| 260 |
_aLondon : _bMacmillan and co., limited, _c1920. |
||
| 300 |
_ax, 165 p. ; _c20 cm. |
||
| 500 | _aIncludes Index | ||
| 650 | 0 |
_aRelativity (Physics) _9156582 |
|
| 942 |
_2ddc _cBK |
||
| 999 |
_c52319 _d52319 |
||